000 00730nam a2200217 u 4500
005 20250213063816.0
008 100607s2008 mx r 000 0 spa d
020 _a9786074450019
035 _aUPN01000176346
049 _aCG
050 4 _aLA428.7
_bM6.3
100 1 _aMonsiváis, Carlos,
_d1938-2010
_928357
245 1 3 _aEl 68 :
_bla tradición de la resistencia /
_cCarlos Monsiváis.
260 _aMéxico :
_bEra,
_c2008.
300 _a247 p. :
_bil.
440 0 _aBolsillo Era
650 4 _aMovimientos estudiantiles
_zMéxico
_xHistoria
_ySiglo XX
_94249
650 4 _aEstudiantes universitarios
_xActividad política
_zMéxico
_96834
651 2 _aMéxico
_xPolítica y gobierno
_y1946-1970
_vFuentes
_99514
905 _aLibro
999 _c148449
_d148449